Allgemeinwissen #9 - Statistiken

Allgemein
  • Dieses Quiz wurde 801 mal gespielt
  • Das Durchschnittsergebnis liegt bei 11 aus 20
Antwortstatistiken
Hint Antwort % Korrekt
Hauptstadt von Deutschland Berlin
99%
Hauptstadt von Bayern München
95%
Welches ist das südlichste Land in Afrika? Südafrika
94%
Wie heißt die einwohnerreichste Stadt der Türkei? Istanbul
89%
81
87%
Meistverkauftes Buch weltweit Bibel
82%
Was ist das Symbol von Fluor? F
79%
Wie nennt man ein junges Schaf? Lamm
79%
Wann wird die Auferstehungvpn Jesus gefeiert? Ostern
74%
Was ist das Symbol von Chrom? Cr
67%
Welche Stadt gehört neben Bremen noch zum Land Bremen? Bremerhaven
61%
2⁹ 512
59%
Welchen Namen trug der römische Kriegsgott? Mars
49%
In welchem lateinamerikanischen Land kann man Coca-Cola nicht kaufen? Kuba
35%
Welche Bezeichnung steht für eine 1 gefolgt von 100 Nullen? Googol
17%
Wofür steht die Abkürzung SSD? Solid State Drive
15%
Was ist die Summenformel von Kohlensäure? H2CO3
8%
Von welchem Rapper ist die Titelmusik zur Serie "4 Blocks"? Gringo
7%
Wann wurde Corona zur Pandemie erklärt? 11.03.2020
4%
Wann kam Minecraft raus? 17.05.2009
1%
Keine übereinstimmenden Quizze gefunden
Verteilung der Resultate
Anzahl Personen mit jedem Resultat
Perzentil nach korrekt beantworteten Fragen
Ihre Resultats-Entwicklung
Sie haben dieses Quiz noch nicht gespielt